Tears For Fears or Radiohead song? - Statistics

General Stats
  • This quiz has been taken 49 times
  • The average score is 9 of 16
Answers on the Grid
Answers color-coded by a green-red scale on the quiz's grid according to % correct below.
The Working Hour
Just
Swords and Knives
Until I Drown
2 + 2 = 5
Killing With Kindness
Burn The Witch
Reckoner
Lurgee
My Demons
New Star
Street Spirit (Fade Out)
The Body Wah
The Tourist
Pyramid Song
Change
Scatterbrain
Mr. Pessimist
Gas Giants
I Love You But I'm Lost
Go Slowly
Last Flowers
Sketches of Pain
Separator
No Small Thing
Standing On The Corner Of The Third World
A Wolf At The Door
Memories Fade
True Love Waits
Lord Of Karma
My Iron Lung
You
 
Answer Stats
Answer % Correct
The Working Hour
79%
My Demons
67%
Swords and Knives
67%
Killing With Kindness
64%
Until I Drown
62%
Change
56%
No Small Thing
56%
Standing On The Corner Of The Third World
56%
I Love You But I'm Lost
54%
Memories Fade
54%
Mr. Pessimist
54%
Gas Giants
49%
New Star
49%
The Body Wah
49%
Sketches of Pain
46%
Lord Of Karma
44%
No matching quizzes found
Score Distribution
Percent of People with Each Score
Percentile by Number Answered
Your Score History
You have not taken this quiz